000 00439cam a22001934a 4500
005 20251016131154.0
008 250528s ||||||||||||||||||||||||d
035 _a22562
020 _a9781444331219
040 _aGR-AtMCL
_bgre
_dGR-AtMCL
_eAACR2
245 1 _aAPPLIED PSYCHOLOGY
250 _a1
260 _bBlackwell,
_c2011
300 _a666
700 1 _aDavey, Graham
_97267
942 _cBK
999 _c7610
_d7610